| 000 | 01157nam a2200205Ii 4500 | ||
|---|---|---|---|
| 003 | JO-AjNU | ||
| 008 | 230605s9999||||xx |||||||||||||| ||und|| | ||
| 020 | _a978-9953-78-303-1 | ||
| 040 |
_aJO-AjNU _bara _erda _cJO-AjNU |
||
| 041 | _aara | ||
| 050 | 1 | 4 | _aCB53.D8712 2010 |
| 100 | 3 |
_aديورانت، ول وايريل؛ ترجمة فؤاد اندراوس؛ مراجعة علي ادهم, _eauthor _960440 |
|
| 245 | 0 | 0 | _aقصة الحضارة: عصر لويس الرابع عشر تاريخ الحضارة الاوربية في عصر بسكال وموليير وكرومول وملتن وبطرس الاكبر ونيوتن وسبينوزا 1648-1715، ج 31-32، مجلد8، الجزء الاول والثاني |
| 264 | 3 | 1 | _aبيروت،تونس: دار الجيل للنشر والطباعة والتوزيع،المنظمة العربية للتربية والثقافة والعلوم، 2010 |
| 300 | _aج 31-32، مج 8، الجزء الاول والثاثي: ترقيم متعدد | ||
| 336 |
_atext _btxt _2rdacontent |
||
| 337 |
_aunmediated _bn _2rdamedia |
||
| 338 |
_avolume _bnc _2rdacarrier |
||
| 650 | 4 |
_aالحضارة-تاريخ _960441 |
|
| 999 |
_aA27254 _c30822 _d30822 |
||